| 000 | 00432nam a22001577u 4500 | ||
|---|---|---|---|
| 008 | 130405s1988 xxu||||| |||| 00| 0 spa d | ||
| 020 | _a8433007521 | ||
| 041 | _aspa | ||
| 100 | 1 |
_aBeorlegui, Carlos _d1947- _97966 |
|
| 245 | 0 | 0 |
_aLecturas de Antropología filosófica _cCarlos Beorlegui |
| 260 |
_aBilbao: _bDesclée de Brouwer, _c1988 |
||
| 300 |
_a278 p. _c;21 cm. |
||
| 650 | 0 | 4 |
_aMetafísica _913351 |
| 942 | _cBK | ||
| 001 | 74676 | ||
| 999 |
_c250202 _d250202 |
||